[Event "Gatineau Hull CC 29 Ann-B"]
[Site "Gatineau"]
[Date "2008.09.09"]
[Round "1"]
[White "Thibault, Mario"]
[Black "Briere, Gilles"]
[Result "1-0"]
[WhiteElo "1633"]
[BlackElo "1289"]
[PlyCount "39"]
[EventDate "2008.09.09"]
[EventType "swiss"]
[EventRounds "5"]
[EventCountry "CAN"]
[SourceTitle "EXT 2022"]
[Source "ChessBase"]
[SourceDate "2021.10.06"]
[SourceVersion "1"]
[SourceVersionDate "2021.10.06"]
[SourceQuality "1"]

1. Nf3 Nf6 2. b3 e6 3. e3 Bc5 4. Bb2 a6 5. d4 Ba7 6. c4 d6 7. Bd3 Nc6 8. a3 b6 9. 0-0 Bb7 10. Nbd2 Ne7 11. Qc2 d5 12. Rac1 c5 13. Ne5 Bb8 14. Ndf3 Nc6 15. Rfd1 g6 16. dxc5 Nxe5 17. Nxe5 bxc5 18. cxd5 Qxd5 19. Bb5+ axb5 20. Rxd5 1-0